000 00529nam a22001817a 4500
008 171109b xxu||||| |||| 00| e tur d
020 _a9750811356
041 _atur
050 _aPL219
100 _aDoğan, Mehmet H.
_9543
245 _a Yazının Bir Çağı : Seçme Yazılar, 1966-1998 : Deneme
250 _a1.Baskı
260 _aİstanbul
_bYapı Kredi Yayınları
_cEylül 2006
300 _a369 Sayfa
500 _aYapı Kredi Yayınları - 2392 Edebiyat -737
650 0 _9145
_aTürk Edebiyatı
942 _2lcc
_cBK
999 _c1661
_d1636